| 000 | 00854cam a2200241 i 4500 | ||
|---|---|---|---|
| 001 | 848543 | ||
| 005 | 20251121185922.0 | ||
| 008 | 781027s1979 nyua b 001 0 eng | ||
| 020 | _a0442261578 | ||
| 020 |
_a0442288212 (pbk.) : _c$9.95 |
||
| 020 | _a9780442261573 | ||
| 020 | _a9780442288211 | ||
| 050 | 0 | 0 |
_aTH4819.E27 _bM56 1979 |
| 082 | 0 | 0 | _a728 |
| 110 | 2 |
_aUniversity of Minnesota. _bUnderground Space Center. |
|
| 245 | 1 | 0 |
_aEarth sheltered housing design : _bguidelines, examples, and references / _cprepared by the Underground Space Center, University of Minnesota ; prepared for the Minnesota Energy Agency. |
| 260 |
_aNew York : _bVan Nostrand Reinhold, _c1979. |
||
| 300 |
_a318 p. : _bill. ; _c21 x 28 cm. |
||
| 500 | _aIncludes index. | ||
| 650 | 0 | _aEarth sheltered houses. | |
| 710 | 2 | _aMinnesota Energy Agency. | |
| 942 |
_2lcc _cBK _n0 |
||
| 999 |
_c8321 _d8321 |
||